000 00782nam a2200181Ia 4500
008 090630s9999 xx 000 0 und d
082 _b18640
100 _aनगर्सेकर सुरेश.
245 _aबिनपैशाची चिकित्सा व रोगनिवारण.
_cनगर्सेकर सुरेश.
260 _bमनोरमा - मुंबई.
_c1999
300 _a72
600 _aनगर्सेकर सुरेश.
630 _aबिनपैशाची चिकित्सा व रोगनिवारण.
655 _aइतर.
700 _aनगर्सेकर सुरेश.
730 _aबिनपैशाची चिकित्सा व रोगनिवारण.
942 _cBOOK
999 _c270496
_d270496